Welcome to the Holygrace Academy Library

Please use search bar below to get started

KERALATHILE MUTHASSIKKATHAKAL (Record no. 1821)

MARC details
000 -LEADER
fixed length control field 00302nam a22001337a 4500
082 ## - DEWEY DECIMAL CLASSIFICATION NUMBER
Classification number 894.812.3
Item number KUT/K
100 ## - MAIN ENTRY--AUTHOR NAME
Personal name KADAMBAZHIPPURAM,K N KUTTY
245 ## - TITLE STATEMENT
Title KERALATHILE MUTHASSIKKATHAKAL
250 ## - EDITION STATEMENT
Edition statement SECOND
260 ## - PUBLICATION, DISTRIBUTION, ETC. (IMPRINT)
Place of publication THRISSUR
Name of publisher H&C
Year of publication 2009
300 ## - PHYSICAL DESCRIPTION
Number of Pages 64
650 ## - SUBJECT ADDED ENTRY--TOPICAL TERM
Topical Term STORY
Geographic subdivision KERALA
942 ## - ADDED ENTRY ELEMENTS (KOHA)
Koha item type Books
Holdings
Withdrawn status Lost status Collection code Home library Current library Shelving location Date acquired Source of acquisition Cost, normal purchase price Full call number Accession Number Koha item type
    Fiction Main Library Main Library SHELF-6C MALAYALAM SHORT STORIES 25/04/2013 PURCHASE 10.00 894.812.3 KUT/K 07166 Books